000 01292nam a2200337 c 4500
003 BLK
005 20220827130134.0
008 180409b bul|||||r ||||||| ||bul||
010 _aKNG00112026000
020 _a954-657-460-0
_bиздат.: ПАН
040 _aBLK
041 _aBUL
_cBUL
080 _aБългарска литература
_b821.163.2
_x-054.7-93-31
_z821.163.2-054.7-93-31
100 1 _aЕнев, Златко Димитров
_eпърви автор
_9280503
700 1 _aРусков, Никифор
_eил.
_9364263
139 _aЕнев, Златко
_bЕ 64
245 1 0 _aПаркът на призраците
_cЗлатко Димитров Енев; ил. Никифор Русков.
257 _aBGR
260 София
_bПАН
_c2003
_fСофия : Унискорп
300 _a280 с.
_bс ил.
_c24 см
380 _aDX
500 _aОфс. изд. - Съдържа и за авт. Кн. е 2 ч. от трилогията Гората на призраците.
653 _aромани
653 _aлитература за деца
653 _aдетска литература
852 _aЦб 218796
856 4 _qpdf
_u
856 4 _qpdf
_u
942 _cKNG
_n0
_027
944 _aCR
_c30.03.2004
_kЛюдмила_Стоянова
944 _aED
_c07.02.2007
_k
999 _c106761
_d106761